00390nam a2200169Ia 4500003000400000005001700004008004100021040000700062041000800069082001500077100002200092245004600114260002000160300000900180650001200189700001900201OSt20260123104217.0250729s2003 xx 000 0 und d cAL aeng a020.2 GOKE aGovt of Karnataka aEnglish reader Ist language 10th standard aBangalorec2003 a162p aEnglish aGoo Digumurthi